000 00648 a2200241 4500
260 _aParis
630 _a91 - Geographie. Exploration de la terre, des diverses regions, des divers pays. Voyages. Geographie regionale
650 _a9 - GEOGRAPHIE ET HISTOIRE
100 _aFuron, Raymond
260 _bPayot
300 _a401 p.
245 _aLa Paléogéographie : essai sur l'évolution des continents et des océans
650 _aPaléogéographie
650 _aContinent
650 _aOcéan
260 _c1959
300 _b23 cm
100 _lFr
037 _a14646
250 _a2è éd. ref.
999 _c35307
_d35307